Il ragazzo dai pantaloni a pois : il diritto di essere /

Đã lưu trong:
Chi tiết về thư mục
Tác giả chính: Polo, Lucio
Định dạng: Sách
Ngôn ngữ:Tiếng Italy
Được phát hành: Ponte di Piave : La Piave, 2013
Các nhãn: Thêm thẻ
Không có thẻ, Là người đầu tiên thẻ bản ghi này!

MARC

LEADER 00000nam a22000007i 4500
001 IT\ICCU\VIA\0269479
003 ItRI
005 20250825133540.0
008 140407s2013 it |||||| ||||| |||||c
020 |a 9788898397037 
040 |b ita  |c GP 
041 7 |a ita  |2 ISO-639-2 
100 1 |a Polo, Lucio  |0 IT\ICCU\CFIV\112257 
245 1 3 |a Il ragazzo dai pantaloni a pois :  |b il diritto di essere /  |c Lucio Polo. 
260 |a Ponte di Piave :  |b La Piave,  |c 2013 
300 |a 67 p. :  |b ill. ;  |c 18 cm. 
942 |2 ddc  |c BK 
952 |0 0  |1 0  |2 ddc  |4 0  |6 853_914000000000000_POL  |7 1  |9 608  |a RM  |b RM  |d 2024-02-06  |l 0  |o 853.914 POL  |p 95  |r 2024-02-06 16:44:31  |w 2024-02-06  |y BK 
952 |0 0  |1 0  |2 ddc  |4 0  |6 B_LNR02POLLUDIR11  |7 0  |9 7905  |a MI  |b MI  |d 2013-11-04  |i 6574  |l 0  |o B-LNR02-POLLU-DIR11  |p CDOM6574  |r 2025-07-13 16:28:49  |w 2025-07-13  |x ACQUISTO  |y BK 
981 1 |6 z01  |a i   |b xxxe  
982 1 |6 z01  |a n 
999 |c 556  |d 556